|
|
|
|
| LEADER |
00649nab a2200169 i 4500 |
| 001 |
misc6707 |
| 005 |
20191106144400.0 |
| 008 |
170607s1892 hu o 0|| hun d |
| 022 |
|
|
|a 0025-0260
|
| 040 |
|
|
|a SZTE Miscellanea Repozitórium
|b hun
|
| 041 |
|
|
|a hun
|
| 245 |
0 |
0 |
|a Országos Közoktatásügyi Tanács
|h [elektronikus dokumentum] :
|b [febr. 19-én tartott elnökségi ülés]
|
| 260 |
|
|
|c 1892
|
| 300 |
|
|
|a 176-179
|
| 490 |
0 |
|
|a Magyar pedagógia : a Magyar Tudományos Akadémia Pedagógiai Bizottságának folyóirata
|v 1
|
| 695 |
|
|
|a Oktatásügy Magyarország 1892
|
| 856 |
4 |
0 |
|u http://misc.bibl.u-szeged.hu/6707/1/mp_1892_176-179.pdf
|z Dokumentum-elérés
|